000
00327nam a2200133Ia 4500
008
240624s9999 xx 000 0 und d
041
_a
eng
082
_a
332.1 KOH
100
_a
KOHLI R C
245
_a
PRACTICAL APPROACH TO RECOVERY MANAGEMEN
250
_a
(2nd ed.)
260
_c
2010
_a
New Delhi
_b
Taxmann
365
_c
RS
_b
29
999
_c
17544
_d
17544